Béta-galaktozidáz enzimek tisztítása és jellemzése járomspórás gombákból

Elmentve itt :
Bibliográfiai részletek
Szerző: Papp Zsanett
További közreműködők: Takó Miklós (Témavezető)
Volford Bettina (Témavezető)
Dokumentumtípus: Szakdolgozat
Megjelent: 2021
Tárgyszavak:
Online Access:http://diploma.bibl.u-szeged.hu/124280
LEADER 00863nta a2200217 i 4500
001 dipl124280
005 20220504174428.0
008 220504s2021 hu om 0|| hun d
040 |a SZTE Diploma Repozitórium  |b hun 
041 |a hun 
100 1 |a Papp Zsanett 
245 1 0 |a Béta-galaktozidáz enzimek tisztítása és jellemzése járomspórás gombákból  |h [elektronikus dokumentum] /  |c Zsanett Papp 
246 1 0 |a Purification and characterization of beta-galactosidase enzymes from zygomycetes  |h [elektronikus dokumentum] 
260 |c 2021 
650 4 |a Természettudományok 
650 4 |a Natural sciences 
650 4 |a Chemical sciences 
650 4 |a Earth and related environmental sciences 
700 0 1 |a Takó Miklós  |e ths 
700 0 1 |a Volford Bettina  |e ths 
856 4 0 |u https://diploma.bibl.u-szeged.hu/id/eprint/124280/2/2021_papp_zsanett.pdf  |z Dokumentum-elérés